书目信息 |
| 题名: |
钢铁烧结烟气多污染物过程控制原理与新技术
|
|
| 作者: | 甘敏 , 范晓慧 著 | |
| 分册: | ||
| 出版信息: | 北京 科学出版社 2019.03 |
|
| 页数: | x, 234页 | |
| 开本: | 24cm | |
| 丛书名: | ||
| 单 册: | ||
| 中图分类: | X511 | |
| 科图分类: | ||
| 主题词: | 钢铁冶金--gang tie ye jin--烧结--空气污染控制 | |
| 电子资源: | ||
| ISBN: | 978-7-03-060596-2 | |
| 000 | 01130nam0 2200253 450 | |
| 001 | 0100015387 | |
| 005 | 20201024210217.0 | |
| 010 | @a978-7-03-060596-2@dCNY98.00 | |
| 100 | @a20191121d2019 em y0chiy50 ea | |
| 101 | 0 | @achi |
| 102 | @aCN@b110000 | |
| 105 | @aa a 000yy | |
| 106 | @ar | |
| 200 | 1 | @a钢铁烧结烟气多污染物过程控制原理与新技术@Agang tie shao jie yan qi duo wu ran wu guo cheng kong zhi yuan li yu xin ji shu@f甘敏, 范晓慧著 |
| 210 | @a北京@c科学出版社@d2019.03 | |
| 215 | @ax, 234页@c图@d24cm | |
| 320 | @a有书目 | |
| 330 | @a本书是作者总结多年的研究成果撰写而成, 总共分为6章。第1章介绍了污染物过程控制的意义 ; 第2章揭示了烧结烟气污染物的特性 ; 第3章研究了生物质能烧结机理和强化技术 ; 第4章研究了烧结过程中NOx的生成行为, 开发了低NOx烧结技术 ; 第5章揭示了循环烟气对烧结过程的影响规律, 构建了适宜的烟气循环烧结模式 ; 第6章研究了烧结烟气PM2.5形成和迁移机制, 开发了迁移调控技术。 | |
| 606 | 0 | @a钢铁冶金@Agang tie ye jin@x烧结@x空气污染控制 |
| 690 | @aX511@v5 | |
| 701 | 0 | @a甘敏@Agan min@4著 |
| 701 | 0 | @a范晓慧@Afan xiao hui@4著 |
| 801 | 0 | @aCN@c20191121 |
| 905 | @a河南城建学院图书馆@dX511@f1@eG025 | |
| 钢铁烧结烟气多污染物过程控制原理与新技术/甘敏, 范晓慧著.-北京:科学出版社,2019.03 |
| x, 234页:图;24cm |
| ISBN 978-7-03-060596-2:CNY98.00 |
| 本书是作者总结多年的研究成果撰写而成, 总共分为6章。第1章介绍了污染物过程控制的意义 ; 第2章揭示了烧结烟气污染物的特性 ; 第3章研究了生物质能烧结机理和强化技术 ; 第4章研究了烧结过程中NOx的生成行为, 开发了低NOx烧结技术 ; 第5章揭示了循环烟气对烧结过程的影响规律, 构建了适宜的烟气循环烧结模式 ; 第6章研究了烧结烟气PM2.5形成和迁移机制, 开发了迁移调控技术。 |
| ● |
| 相关链接 |
|
|
|
正题名:钢铁烧结烟气多污染物过程控制原理与新技术
索取号:X511/G025
 
预约/预借
| 序号 | 登录号 | 条形码 | 馆藏地/架位号 | 状态 | 备注 |
| 1 | 1496859 | 214968597 | 自科库501/501自科库 99排1列6层/ [索取号:X511/G025] | 在馆 |